Embedded systems with arm cortex-m microcontrollers in assembly language and C

Saved in:
Bibliographic Details
Main Author:  Zhu, Yifeng
Format: Sách
Language:Undetermined
Published:  E-Man Press LLC  2018
Subjects:
Tags: Add Tag
No Tags, Be the first to tag this record!
Institutions: Trung tâm Thư viện - Trường Đại học Công nghiệp TP. Hồ Chí Minh
LEADER 00552nam a2200157Ia 4500
001 UIH_03256
008 231011s9999 xx 000 0 und d
082 |a  621.3815 
100 |a  Zhu, Yifeng 
245 0 |a  Embedded systems with arm cortex-m microcontrollers in assembly language and C 
245 0 |c  Zhu, Yifeng 
260 |b  E-Man Press LLC 
260 |c  2018 
650 |a  Vi điều khiển; Arm cortex-m microcontrollers;  
927 |a Sách 
980 |a Trung tâm Thư viện - Trường Đại học Công nghiệp TP. Hồ Chí Minh